Statistics for Animals by Picture - C

Click here to take the quiz!

General Stats

  • This quiz has been taken 797 times
  • The average score is 14 of 16

Answer Stats

Answer% Correct
Cat
100%
Camel
97%
Crab
97%
Chicken
96%
Crow
94%
Cattle
93%
Crocodile
93%
Cobra
92%
Cheetah
90%
Clownfish
89%
Cockroach
88%
Chipmunk
85%
Centipede
81%
Caterpillar
78%
Coyote
78%
Cougar
74%

Score Distribution

Percentile by Number Answered

Percent of People with Each Score

Your Score History

You have not taken this quiz